000
00310nam a2200133Ia 4500
008
191201s2007 xx 000 0 und d
100
_a
KALAVATHY, S
245
0
_a
Operations Research
250
_a
2nd
260
_a
N.Delhi
_b
Vikas Publication House
_c
2007
300
_a
536
650
_a
MBA
942
_2
ddc
_c
BK
999
_c
3021
_d
3021